000 00270nam a2200109Ia 4500
008 190914s9999||||xx |||||||||||||| ||und||
100 _aStarr,Leson
245 0 _aExecutable UML How To Build Class Models
260 _aUSA
_bMcGraw Hill
_c1998
300 _a218
942 _cBK
999 _c8421
_d8421